Ecosistemas acuáticos de la Orinoquia colombiana (Registro nro. 2108)

Detalles MARC
000 -CABECERA
Campo de control 00771nam a2200241 i 4500
005 - FECHA Y HORA DE LA ULTIMA TRANSACCION
Campo de control 20160115141412.0
008 - ELEMENTOS DE LONGITUD FIJA—INFORMACION GENERAL
Campo de control 140304b1999 ck ||||| |||| 00| 0 spa d
040 ## - FUENTE DE CATALOGACIÓN
Agencia catalogadora original CO-BoIAVH
Agencia transcriptora CO-BoIAVH
041 ## - IDIOMA
Código de idioma para texto/pista de sonido o título separado Español
044 ## - PAÍS DE PUBLICACIÓN
País de publicación Colombia
082 04 - NUMERO DE CLASIFICACION DECIMAL DEWEY
Número de clasificación 578.76
Número del ítem E19e
245 00 - MENCION DE TITULO
Título Ecosistemas acuáticos de la Orinoquia colombiana
260 ## - PUBLICACION, DISTRIBUCION, ETC. (PIE DE IMPRENTA)
Lugar de publicación, distribución, etc. Bogotá :
Nombre del editor, distribuidor, etc. Fundación Omacha,
Fecha de publicación, distribución, etc. 1999.
300 ## - DESCRIPCION FISICA
Extensión 48 p.
650 14 - ASIENTO SECUNDARIO DE MATERIA - TERMINO TEMATICO
Término temático o nombre geográfico como elemento de entrada Ecosistemas acuáticos
Subdivisión geográfica Colombia
9 (RLIN) 51693
650 24 - ASIENTO SECUNDARIO DE MATERIA - TERMINO TEMATICO
Término temático o nombre geográfico como elemento de entrada Conservación de los recursos acuáticos
Subdivisión geográfica Colombia
9 (RLIN) 51694
650 24 - ASIENTO SECUNDARIO DE MATERIA - TERMINO TEMATICO
Término temático o nombre geográfico como elemento de entrada Ecología acuática
Subdivisión geográfica Colombia
9 (RLIN) 51695
650 24 - ASIENTO SECUNDARIO DE MATERIA - TERMINO TEMATICO
Término temático o nombre geográfico como elemento de entrada Mamíferos acuáticos
9 (RLIN) 51696
650 24 - ASIENTO SECUNDARIO DE MATERIA - TERMINO TEMATICO
Término temático o nombre geográfico como elemento de entrada Aves acuáticas
9 (RLIN) 51697
662 ## - ASIENTO SECUNDARIO DE MATERIA - JERARQUIA DEL NOMBRE DE LUGAR(
País o entidad mayor Colombia
700 1# - ASIENTO SECUNDARIO - NOMBRE PERSONAL
Nombre personal Díazgranados, María Claudia,
Término de relación ilustradora.
9 (RLIN) 51698
942 ## - ELEMENTOS ADICIONALES (KOHA)
Tipo de ítem Libro
Sistema de clasificación Dewey Decimal Classification
Existencias
Withdrawn status Lost status Sistema de Clasificación Damaged status No para préstamo Colección Inventariado Ubicación Permanente Ubicación actual Fecha de adquisición Valor Total Checkouts Número topográfico Inventario / Código de Barras Date last seen Ejemplar Price effective from Forma de adquisición Tipo de material
    Dewey Decimal Classification     General Inventariado 2017 Bogotá Bogotá 30/01/2001 39000.00   LB-578.76 E19e 002613 04/12/2012 Ej. 1 04/12/2012   Libro